000 00318nam a2200133Ia 4500
005 20260326235450.0
008 260326s9999||||xx |||||||||||||| ||und||
100 _aBarahona, Luis Diego
245 0 _aVictor Cañas /
_cLuis Diego Barahona
260 _bLíneas
300 _a98 p.
650 _aARQUITECTOS
942 _cBK
999 _c7734
_d7734